000 01021nam a22002772 4500
001 0000004109
005 20151217145754.0
008 070518s xx 000 0 eng d
020 _a0471346098 :
040 _aKABU
_cKABU
050 0 _aQA76.73
_b.J38H67 2000
100 1 _aHorstmann, Cay S.,
_d1959-.
_@0000154486
245 1 0 _aComputing concepts with Java 2 essentials /
_cCay S. Horstmann.
250 _a2nd ed.
260 _aNew York :
_bJohn Wiley & Sons,
_cc2000.
300 _axvi, 762 p. :
_bill. (some col.) ;
_c24 cm.
500 _aRev. ed. of: Computing concepts with Java essentials. 1998.
650 0 _aElectronic data processing.
_@0000014348
650 0 _aJava (Computer program language)
_@0000148169
908 _a070518
950 _@1
999 _c2462
_d2462